Meilleurs buteur de l'année civil 2023 - Statistiques

Statistiques générales
  • Ce quiz a été pris 162 fois
  • Le résultat moyen est 16 sur 51
Statistiques - réponses
Indice Reponse % Correct
1 Norvége Haaland
100%
3 France Mbappe
100%
5 Egypte Salah
96%
2 Angleterre Kane
95%
12 Belgique Lukaku
79%
4 Argentine Martinez
73%
14 Pologne Lewandowski
69%
11 France Griezmann
66%
37 France Giroud
58%
31 Corée du sud Son
55%
16 Canada David
51%
6 Nigeria Osihmen
50%
50 Angleterre Foden
45%
34 Brésil Vinicius jr
45%
22 Angleterre Bellingham
44%
19 France Kolo muani
43%
18 Espagne Morata
40%
24 Argentine Alvarez
39%
8 France Lacazette
39%
26 Angleterre Rashford
38%
9 Guinée Guirassy
36%
25 Brésil Rodrygo
36%
49 Angleterre Saka
36%
7 Belgique Openda
31%
21 France Ben yedder
27%
20 Nigeria Boniface
20%
36 Suede Isak
18%
38 Pays-bas Simons
17%
13 Maroc En-nesyri
16%
10 Angleterre Watkins
16%
42 Nigeria Moffi
14%
23 Ghana Kudus
13%
46 Espagne Joselu
10%
40 Croatie Kramaric
9%
45 France Wahi
6%
44 Portugal Jota
5%
48 Angleterre Balogun
4%
27 Angleterre Bowen
3%
30 Italie Bérardi
2%
15 Pays-bas Dallinga
2%
35 Gambie Jackson
2%
43 Angleterre Solanke
2%
39 Allemagne Undav
2%
28 Angleterre Wilson
2%
17 Suisse Amdouni
1%
47 Croatie Budimir
1%
29 Gréce Douvikas
1%
41 Allemagne Ducksch
0%
51 Portugal Frenandes
0%
33 Argentine Gonzalez
0%
32 Espagne Mayoral
0%
Aucun quiz correspondant
Distribution des résultats
% des personnes avec chaque résultat
Percentile par nombre de réponses
Votre historique - résultats
Vous n’avez pas pris ce quiz